000 01177cam a2200313 i 4500
001 20694
003 CO-MdFUSB
005 20161111074117.0
008 161101t1977 xxu||||f |||| 00| 0 eng d
020 _a0-8006-0185-8
040 _aCO-MdFUSB
_bEspañol
_cCO-MdFUSB
_dCO-MdFUSB
_erda
041 _aeng
082 _224
_a220.66
_bN532l
100 1 _aBeardslee, William A.
_eautor
245 0 0 _aLiterary criticism of the New Testament
_c / William A. Beardslee
264 1 _aPhiladelphia, Pennsylvania :
_bFortress Press,
_c℗1977
264 4 _c©1970
300 _a86 páginas
336 _2rdacontent
_a1
_ba1
337 _2rdamedia
_a2
_b5
338 _2rdacarrier
_a2
_b5
490 _aGuides to Biblical Scholarship
501 _aRústico
505 0 0 _a¿Qué es la crítica literaria? - La forma del evangelio - El proverbio - Historia como una forma - El apocalipsis - La historia literaria de los evangelios sinópticos - La crítica literaria y la comprensión teológica
653 _aLiterary criticism--sacred books--Bible. N.T.
653 _aCrítica literaria - libros sagrados - Biblia. Nuevo Testamento
942 _cREF
999 _c47045
_d47045